000 01334nam a2200229 a 4500
001 BS0002397
003 BR-BrBNA
005 20230418192023.0
008 230308b |||||||| |||| 00| 0 por d
040 _aBR-BrBNA
_bpor
_cBiblioteca Nacional de Agricultura
041 _apor
072 _aB60
090 _aB60 BS0002397
100 1 _aBirch, B.
245 1 _aMarie Curie /
260 3 _aSão Paulo, SP:
_bGlobo,
_c1993.
300 _a64 p.
520 3 _aMarie Curie poderia ter sido uma das mulheres mais ricas do mundo, graças às suas descobertas científicas. Preferiu, em vez disso, viver modestamente para que os benefícios de seu trabalho estivessem ao alcance de todos. Até mesmo o seu mais importante trabalho foi realizado em um despojado e mal equipado galpão. Marie Curie foi a descobridora do rádio e pioneira no estudo da radioatividade. Sua contribuição para a pesquisa da cura do câncer foi imensa, resultando em milhões de vidas salvas. Lutando contra obstáculos aparentemente impossíveis de transpor, a vida de Marie Curi é uma história de coragem. Partindo de uma situação em que era impossível a uma mulher obter sequer o ensino básico, ela chegou a ser doutora em Ciências e a ganhar dois prêmios Nobel.
650 _aBIOGRAFIA
909 _a202304
_bSergio Santos
_c56
_dSergio Santos
942 _cBK
999 _c7456
_d7456